000 00662nam a2200241Ia 4500
005 20250425162844.0
008 250425s9999 xx 000 0 und d
020 _a9789942977076
041 _aspa
082 _a700
_pLAC
110 _aUniversidad de las Artes
245 0 _aDebate sobre la investigación en artes
_cUniversidad de las Artes
250 _aPrimera edición
260 _aECUADOR
_bARTES EDICIONES ENSAYOS
_c2017
300 _a205 paginas
500 _aContiene indice
504 _aContiene bibliográfia
650 _aArtes
650 _aObras artísticas
902 _aBibliográfico
_cImpreso
942 _c01
010 _a114383
999 _c237832
_d237832